[Event "FRA-chT"]
[Site "?"]
[Date "1995.??.??"]
[Round "?"]
[White "Olivier, Pierre"]
[Black "Haik, Aldo"]
[Result "0-1"]
[WhiteElo "2235"]
[BlackElo "2435"]
[PlyCount "62"]
[EventDate "1995.??.??"]
[Source "ChessBase"]
[SourceDate "1996.11.15"]

1. d4 Nf6 2. Nf3 d6 3. c4 g6 4. Nc3 Bg7 5. e4 O-O 6. Be2 Bg4 7. Be3 Nfd7 8. Rc1
e5 9. d5 a5 10. Ng1 Bxe2 11. Ngxe2 f5 12. f3 Bh6 13. Bxh6 Qh4+ 14. Ng3 Qxh6 15.
Qd2 Qxd2+ 16. Kxd2 Na6 17. Nge2 Rf7 18. exf5 gxf5 19. g3 Nac5 20. Rce1 c6 21.
b3 Nb6 22. Rd1 cxd5 23. Nxd5 Nxd5 24. cxd5 e4 25. Rhf1 Re7 26. Nf4 exf3 27.
Rxf3 Ne4+ 28. Kd3 Rc8 29. Ne2 Re5 30. Kd4 Rc2 31. Re3 Nf2 0-1

[Event "FRA-chT"]
[Site "?"]
[Date "1995.??.??"]
[Round "?"]
[White "Piankov, Evgenij"]
[Black "Conquest, Stuart"]
[Result "1/2-1/2"]
[WhiteElo "2375"]
[BlackElo "2520"]
[PlyCount "104"]
[EventDate "1995.??.??"]
[Source "ChessBase"]
[SourceDate "1996.11.15"]

1. d4 Nf6 2. Nf3 e6 3. g3 b5 4. Bg2 Bb7 5. O-O c5 6. a4 b4 7. a5 Na6 8. c3 Rc8
9. Bg5 Be7 10. Nbd2 O-O 11. e3 bxc3 12. bxc3 cxd4 13. cxd4 Nb4 14. Qb1 Nfd5 15.
Bxe7 Qxe7 16. Ne4 Ba6 17. Rd1 Rb8 18. Ra3 d6 19. Bf1 f5 20. Nc3 Bb7 21. Bg2
Nxc3 22. Rxc3 Be4 23. Qb2 a6 24. Ne1 Rb5 25. Bf1 Rb7 26. Qa3 h6 27. Rdc1 Kh7
28. Rc8 Rxc8 29. Rxc8 Qg5 30. Rc4 Nd5 31. Rc1 f4 32. exf4 Nxf4 33. Qe3 Ng6 34.
Qxg5 hxg5 35. Bxa6 Ra7 36. Bd3 Bxd3 37. Nxd3 Rxa5 38. Nb4 Ra4 39. Nc6 e5 40.
dxe5 dxe5 41. Nd8 e4 42. Ne6 Ra5 43. Rc7 Kh6 44. Nxg7 Ne5 45. Nf5+ Kh5 46. Ne3
Nf3+ 47. Kg2 Ra1 48. Rh7+ Kg6 49. Re7 g4 50. Nxg4 Rg1+ 51. Kh3 Ng5+ 52. Kh4
Nf3+ 1/2-1/2

[Event "FRA-chT"]
[Site "?"]
[Date "1995.??.??"]
[Round "?"]
[White "Piankov, Evgenij"]
[Black "Dorfman, Josif D"]
[Result "0-1"]
[WhiteElo "2375"]
[BlackElo "2590"]
[PlyCount "78"]
[EventDate "1995.??.??"]
[Source "ChessBase"]
[SourceDate "1996.11.15"]

1. d4 d6 2. c4 e5 3. dxe5 dxe5 4. Qxd8+ Kxd8 5. Nc3 Be6 6. e4 Nd7 7. Nf3 f6 8.
Be3 Bb4 9. Rc1 a5 10. a3 Bc5 11. Bxc5 Nxc5 12. Be2 a4 13. O-O Ne7 14. Ne1 Nc6
15. Nc2 Kc8 16. Rcd1 b6 17. f3 Kb7 18. Kf2 Rhf8 19. Rfe1 Rf7 20. Bf1 Nb3 21.
Nb5 Rff8 22. Be2 Rfd8 23. Nc3 Ncd4 24. Nxd4 exd4 25. Nd5 c6 26. Nf4 Bf7 27. h4
Ra5 28. Bf1 Rc5 29. Nd3 Rxc4 30. e5 Rc2+ 31. Kg3 fxe5 32. Rxe5 Rd7 33. h5 Nd2
34. Rg5 Nxf1+ 35. Rxf1 Bc4 36. Rd1 Bxd3 37. Rxd3 Rxb2 38. Kf4 c5 39. Rd1 c4 0-1

[Event "FRA-chT"]
[Site "?"]
[Date "1995.??.??"]
[Round "?"]
[White "Pira, Davoud"]
[Black "Anic, Darko"]
[Result "1-0"]
[WhiteElo "2325"]
[BlackElo "2410"]
[PlyCount "71"]
[EventDate "1995.??.??"]
[Source "ChessBase"]
[SourceDate "1996.11.15"]

1. d4 c6 2. Nf3 f5 3. Qd3 d6 4. g4 fxg4 5. Ng5 Nf6 6. h3 Qa5+ 7. Nc3 Na6 8.
hxg4 Nb4 9. Qd1 Bxg4 10. f3 Bd7 11. Bd2 Qb6 12. a3 Nbd5 13. Nxd5 cxd5 14. Bc3
g6 15. Bh3 Bxh3 16. Rxh3 Kd7 17. Qd3 Re8 18. O-O-O e6 19. Nxh7 Nxh7 20. Qxg6
Re7 21. Rdh1 Bg7 22. Rxh7 Rxh7 23. Rxh7 Bxd4 24. Rxe7+ Kxe7 25. Qh7+ Ke8 26.
Qh5+ Kd7 27. Qf7+ Kc6 28. Qe8+ Kc7 29. Qxe6 Bxc3 30. bxc3 Qc5 31. Qe7+ Kc6 32.
Qe8+ Kc7 33. Kb2 d4 34. Qf7+ Kb6 35. Qb3+ Kc7 36. cxd4 1-0

[Event "FRA-chT"]
[Site "?"]
[Date "1995.??.??"]
[Round "?"]
[White "Prie, Eric"]
[Black "Laclau, Daniel"]
[Result "1-0"]
[WhiteElo "2480"]
[BlackElo "2285"]
[PlyCount "47"]
[EventDate "1995.??.??"]
[Source "ChessBase"]
[SourceDate "1996.11.15"]

1. e4 c5 2. Nf3 d6 3. d4 cxd4 4. Nxd4 Nf6 5. Nc3 Nc6 6. Bc4 e6 7. Be3 Be7 8.
Qe2 Bd7 9. O-O-O O-O 10. Bb3 Qb8 11. g4 Rc8 12. g5 Ne8 13. f4 Nxd4 14. Rxd4 b5
15. f5 b4 16. g6 hxg6 17. fxe6 fxe6 18. Nd5 exd5 19. Rxd5 Kf8 20. Rf1+ Nf6 21.
e5 Bc6 22. exf6 gxf6 23. Bh6+ Ke8 24. Rxf6 1-0

[Event "FRA-chT"]
[Site "?"]
[Date "1995.??.??"]
[Round "?"]
[White "Prie, Eric"]
[Black "Nuvolini, Dominique"]
[Result "1-0"]
[WhiteElo "2480"]
[BlackElo "2255"]
[PlyCount "55"]
[EventDate "1995.??.??"]
[Source "ChessBase"]
[SourceDate "1996.11.15"]

1. e4 e5 2. Nf3 Nf6 3. Nc3 Bb4 4. Nxe5 O-O 5. Be2 Re8 6. Nd3 Bxc3 7. dxc3 Nxe4
8. Nf4 Nf6 9. c4 d6 10. O-O Nc6 11. b3 Ne5 12. Bb2 Bf5 13. f3 Ng6 14. Nxg6 Bxg6
15. Qd2 Nd7 16. Rae1 b6 17. f4 f6 18. Bf3 Rc8 19. Bc6 Bf7 20. Rxe8+ Qxe8 21.
Re1 Qd8 22. Re3 Nf8 23. Qe2 Ng6 24. g3 Kf8 25. Qg4 h6 26. Bd5 Bxd5 27. cxd5 Kf7
28. Qh5 1-0

[Event "FRA-chT"]
[Site "?"]
[Date "1995.??.??"]
[Round "?"]
[White "Prie, Eric"]
[Black "Salaun, Yann"]
[Result "1-0"]
[WhiteElo "2480"]
[BlackElo "2355"]
[PlyCount "47"]
[EventDate "1995.??.??"]
[Source "ChessBase"]
[SourceDate "1996.11.15"]

1. e4 c5 2. Nf3 e6 3. b3 Nf6 4. e5 Nd5 5. c4 Ne7 6. Bb2 Nbc6 7. Bd3 d5 8. exd6
Qxd6 9. Be4 Bd7 10. O-O O-O-O 11. Nc3 Nf5 12. Nb5 Qb8 13. Bxf5 exf5 14. Ng5 a6
15. Nxf7 axb5 16. cxb5 Be8 17. Nxd8 Nxd8 18. a4 Bd6 19. h3 Ne6 20. d4 Qa7 21.
dxc5 Bxc5 22. Rc1 Kb8 23. Be5+ Ka8 24. b4 1-0

[Event "FRA-chT"]
[Site "?"]
[Date "1995.??.??"]
[Round "?"]
[White "Relange, Eloi"]
[Black "Bernard, Christophe"]
[Result "1-0"]
[WhiteElo "2420"]
[BlackElo "2280"]
[PlyCount "86"]
[EventDate "1995.??.??"]
[Source "ChessBase"]
[SourceDate "1996.11.15"]

1. e4 d6 2. d4 Nf6 3. Nc3 g6 4. g3 Bg7 5. Bg2 O-O 6. Nge2 e5 7. h3 Nc6 8. Be3
exd4 9. Nxd4 Bd7 10. Nde2 Qc8 11. g4 Re8 12. O-O Rb8 13. Ng3 h6 14. Qd2 Kh7 15.
a4 a6 16. a5 Ne5 17. b3 Qd8 18. Rae1 Nfxg4 19. hxg4 Qh4 20. Nge2 Nxg4 21. Bf4
Be5 22. f3 Nf6 23. Rd1 Nh5 24. Bxe5 Rxe5 25. f4 Rxa5 26. b4 Ra3 27. Qc1 Rxc3
28. Nxc3 Bh3 29. Qe3 Bxg2 30. Kxg2 Re8 31. Qf3 Rg8 32. Ne2 g5 33. Rh1 gxf4+ 34.
Kf1 Ng3+ 35. Nxg3 Rxg3 36. Rxh4 Rxf3+ 37. Kg2 Rg3+ 38. Kf2 Rc3 39. Rxf4 Kg7 40.
Rg1+ Kf8 41. Rf1 Rxc2+ 42. Ke3 Ke8 43. Rxf7 b6 1-0

[Event "FRA-chT"]
[Site "?"]
[Date "1995.??.??"]
[Round "?"]
[White "Relange, Eloi"]
[Black "Hartereau, Philippe"]
[Result "1-0"]
[WhiteElo "2420"]
[BlackElo "2250"]
[PlyCount "65"]
[EventDate "1995.??.??"]
[Source "ChessBase"]
[SourceDate "1996.11.15"]

1. d4 Nf6 2. c4 e6 3. Nc3 Bb4 4. Qc2 c5 5. dxc5 O-O 6. a3 Bxc5 7. Nf3 Qb6 8. e3
Qc7 9. Bd3 Be7 10. b3 a6 11. Bb2 d6 12. g4 Nxg4 13. Bxh7+ Kh8 14. Bd3 Nd7 15.
Rg1 f5 16. Rg3 Nde5 17. Nxe5 Nxe5 18. Be2 Bf6 19. O-O-O b5 20. cxb5 Bb7 21. f4
Nf7 22. Kb1 Rac8 23. Rc1 axb5 24. Bxb5 Qb6 25. Bd3 Rc7 26. Qd1 Rfc8 27. Na2
Bxb2 28. Kxb2 e5 29. Qh5+ Kg8 30. Qg6 Nh8 31. Qh6 g6 32. Rh3 Kf7 33. Rxc7+ 1-0

[Event "FRA-chT"]
[Site "?"]
[Date "1995.??.??"]
[Round "?"]
[White "Renet, Olivier"]
[Black "Spiridonov, Nikola"]
[Result "1-0"]
[WhiteElo "2530"]
[BlackElo "2420"]
[PlyCount "71"]
[EventDate "1995.??.??"]
[Source "ChessBase"]
[SourceDate "1996.11.15"]

1. e4 c6 2. d4 d5 3. Nc3 g6 4. h3 Bg7 5. Nf3 dxe4 6. Nxe4 Nd7 7. Bc4 Ngf6 8.
Nxf6+ Nxf6 9. O-O O-O 10. Re1 b6 11. Qe2 e6 12. Bg5 Bb7 13. Rad1 Qc7 14. Ne5 h6
15. Bh4 Nh5 16. Qe3 Kh7 17. Be2 Nf6 18. c4 Rad8 19. Bf3 Rfe8 20. Bg3 Qe7 21.
Bxc6 Rf8 22. Qf3 Bc8 23. Bh4 g5 24. Bg3 Qb4 25. Qe2 Nd7 26. Be4+ f5 27. Nc6 Qa4
28. b3 Qa3 29. Nxd8 Rxd8 30. Bb1 Nf6 31. Be5 Kg6 32. d5 exd5 33. Bxf6 Bxf6 34.
Rxd5 Rxd5 35. cxd5 Bd7 36. g4 1-0

[Event "FRA-chT"]
[Site "?"]
[Date "1995.??.??"]
[Round "?"]
[White "Richard, Alain"]
[Black "Koch, Jean Rene"]
[Result "1/2-1/2"]
[WhiteElo "2320"]
[BlackElo "2495"]
[PlyCount "109"]
[EventDate "1995.??.??"]
[Source "ChessBase"]
[SourceDate "1996.11.15"]

1. e4 c5 2. Nf3 d6 3. d4 cxd4 4. Nxd4 Nf6 5. Nc3 g6 6. g3 Nc6 7. Bg2 Bg4 8.
Nde2 Bg7 9. h3 Bxe2 10. Nxe2 O-O 11. O-O Nd7 12. Nf4 b5 13. h4 Rb8 14. h5 Nde5
15. hxg6 hxg6 16. a3 a5 17. Nd5 e6 18. Ne3 Qb6 19. c3 b4 20. axb4 axb4 21. Qe2
Na5 22. Rd1 Nb3 23. Ra6 Nxc1 24. Rxc1 Qc5 25. Qd1 Bh6 26. cxb4 Qxb4 27. f4 Rb6
28. Ra2 Rfb8 29. Kf2 Qb3 30. Qxb3 Rxb3 31. Bf1 Rxb2+ 32. Rc2 Rxa2 33. Rxa2 Nd7
34. Nc4 Bf8 35. Rb2 Rd8 36. Kf3 Nc5 37. g4 Be7 38. g5 d5 39. exd5 Rxd5 40. Rb8+
Kg7 41. Rc8 Nb3 42. Kg4 Rd4 43. Rc7 Bd6 44. Nxd6 Rxd6 45. Bb5 Rd8 46. Ba4 Nd2
47. Rd7 Rxd7 48. Bxd7 Kf8 49. Bc6 Ke7 50. Kg3 e5 51. fxe5 Ke6 52. Kf4 Nc4 53.
Ba4 Nxe5 54. Bb3+ Kd6 55. Ke4 1/2-1/2

[Event "FRA-chT"]
[Site "?"]
[Date "1995.??.??"]
[Round "?"]
[White "Richard, Alain"]
[Black "Marciano, David"]
[Result "1-0"]
[WhiteElo "2320"]
[BlackElo "2430"]
[PlyCount "61"]
[EventDate "1995.??.??"]
[Source "ChessBase"]
[SourceDate "1996.11.15"]

1. e4 c5 2. Nf3 e6 3. d4 cxd4 4. Nxd4 Nc6 5. Nb5 d6 6. c4 Nf6 7. N1c3 a6 8. Na3
Be7 9. Be2 O-O 10. O-O b6 11. b3 Bb7 12. Bb2 Rc8 13. Rc1 Nb8 14. Bd3 Nbd7 15.
Qe2 Rc7 16. Nab1 Qa8 17. Nd2 Rcc8 18. Bb1 Rfe8 19. f4 Bf8 20. Kh1 Bc6 21. a4
Rcd8 22. Rf2 h5 23. h3 h4 24. e5 dxe5 25. fxe5 Bc5 26. exf6 Bxf2 27. Nce4 Nc5
28. fxg7 Nxe4 29. Nxe4 Bxe4 30. Bxe4 Qb8 31. Bh7+ 1-0

[Event "FRA-chT"]
[Site "?"]
[Date "1995.??.??"]
[Round "?"]
[White "Roos, Daniel"]
[Black "Anka, Emil"]
[Result "1/2-1/2"]
[WhiteElo "2450"]
[BlackElo "2410"]
[PlyCount "37"]
[EventDate "1995.??.??"]
[Source "ChessBase"]
[SourceDate "1996.11.15"]

1. Nf3 Nf6 2. d4 e6 3. Bg5 h6 4. Bh4 b6 5. Nbd2 Bb7 6. e3 c5 7. Bd3 cxd4 8.
exd4 Be7 9. O-O O-O 10. Re1 d6 11. Bxf6 Bxf6 12. Be4 d5 13. Bd3 Ba6 14. Bxa6
Nxa6 15. c3 Nb8 16. Ne5 Bxe5 17. dxe5 f5 18. exf6 Qxf6 19. Qf3 1/2-1/2

[Event "FRA-chT"]
[Site "?"]
[Date "1995.??.??"]
[Round "?"]
[White "Roos, Jean Luc"]
[Black "Kappler, Jean Marie"]
[Result "1-0"]
[WhiteElo "2350"]
[BlackElo "2295"]
[PlyCount "133"]
[EventDate "1995.??.??"]
[Source "ChessBase"]
[SourceDate "1996.11.15"]

1. e4 d5 2. exd5 Qxd5 3. Nc3 Qa5 4. Bc4 Nf6 5. Nge2 Bf5 6. d3 e6 7. Bd2 c6 8.
Ne4 Qd8 9. N2g3 Bg6 10. O-O Be7 11. a4 Nbd7 12. Kh1 h5 13. Nxf6+ Nxf6 14. Qe2
h4 15. Ne4 Nd5 16. f4 Bf5 17. Rab1 Nb6 18. Bb3 Nd7 19. Be3 Qc7 20. Qf2 b6 21.
Qf3 a5 22. Bd4 Rh7 23. Bc4 Rb8 24. Bc3 b5 25. Bb3 b4 26. Bd4 c5 27. Be3 Nb6 28.
Rbc1 Rc8 29. Nd2 Bf6 30. Rb1 Kf8 31. Nc4 Nd5 32. Bd2 Bd4 33. Ne5 Nf6 34. Rfe1
Nh5 35. Be3 Bxe3 36. Rxe3 f6 37. Nc4 Rd8 38. Nd2 Nxf4 39. Rf1 e5 40. Bc4 Bc8
41. Qe4 Rh6 42. Nf3 Bb7 43. Qf5 Rh5 44. Qg4 Bc8 45. Qxh5 Nxh5 46. Nxe5 g5 47.
Ng6+ Kg7 48. Re7+ Qxe7 49. Nxe7 Bb7 50. Kg1 Rd7 51. Re1 Nf4 52. g3 hxg3 53.
hxg3 Nd5 54. Nf5+ Kf8 55. Bb5 Rd8 56. Kf2 Bc8 57. Nd6 Kg7 58. Ne4 Rh8 59. Kg1
Bf5 60. Nd6 Bg4 61. Bc6 Bf3 62. Nf5+ Kh7 63. Kf2 Rc8 64. Ne7 Rxc6 65. Nxc6 g4
66. Nxa5 f5 67. Nc4 1-0

[Event "FRA-chT"]
[Site "?"]
[Date "1995.??.??"]
[Round "?"]
[White "Roos, Jean Luc"]
[Black "Pellaton, Bernard"]
[Result "1-0"]
[WhiteElo "2350"]
[BlackElo "2155"]
[PlyCount "97"]
[EventDate "1995.??.??"]
[Source "ChessBase"]
[SourceDate "1996.11.15"]

1. e4 c5 2. Nc3 Nc6 3. g3 g6 4. Bg2 Bg7 5. d3 Rb8 6. f4 d6 7. Nf3 Nh6 8. O-O f5
9. Bd2 O-O 10. a3 Kh8 11. Rb1 Nd4 12. h3 Nxf3+ 13. Rxf3 Bd7 14. Qe2 Nf7 15.
Rff1 e5 16. exf5 gxf5 17. Nd5 Qe8 18. Rbe1 Nd8 19. b4 b6 20. Kh2 Nc6 21. c3 Ne7
22. c4 Nc6 23. Qd1 Qd8 24. Bc3 Nd4 25. Bd2 Bc6 26. b5 Bb7 27. a4 a5 28. bxa6
Bxa6 29. Qh5 e4 30. dxe4 Bxc4 31. Rf2 Qe8 32. Qd1 Bb3 33. Qb1 Qxa4 34. exf5 Bc2
35. Qc1 Bxf5 36. Ne7 Bd3 37. Bc3 Bb5 38. f5 Bf6 39. Nd5 Be5 40. Re4 Rg8 41. Qh6
Qa7 42. Rxe5 dxe5 43. f6 Qf7 44. Ne7 Bc4 45. Be4 b5 46. Bxd4 exd4 47. Rf4 Ra8
48. Bxh7 Ra2+ 49. Bc2+ 1-0

[Event "FRA-chT"]
[Site "?"]
[Date "1995.??.??"]
[Round "?"]
[White "Roos, Louis"]
[Black "Pelletier, Yannick"]
[Result "0-1"]
[WhiteElo "2420"]
[BlackElo "2420"]
[PlyCount "60"]
[EventDate "1995.??.??"]
[Source "ChessBase"]
[SourceDate "1996.11.15"]

1. e4 c5 2. Nc3 Nc6 3. g3 g6 4. Bg2 Bg7 5. d3 d6 6. f4 e6 7. Nf3 Nge7 8. O-O
O-O 9. Be3 b6 10. Bf2 Bb7 11. Qd2 Nd4 12. Nxd4 cxd4 13. Ne2 e5 14. g4 f5 15.
Bh4 Qc7 16. fxe5 dxe5 17. gxf5 gxf5 18. Qg5 Ng6 19. exf5 Bxg2 20. Kxg2 Qxc2 21.
Rf2 Bf6 22. Qxf6 Rxf6 23. Bxf6 Qc6+ 24. Kg1 Qxf6 25. fxg6 Qg5+ 26. Ng3 hxg6 27.
Re1 Rc8 28. Rg2 Rc1 29. Rxc1 Qxc1+ 30. Nf1 Qb1 0-1

[Event "FRA-chT"]
[Site "?"]
[Date "1995.??.??"]
[Round "?"]
[White "Roos, Louis"]
[Black "Verdier, Patrice"]
[Result "0-1"]
[WhiteElo "2420"]
[BlackElo "2230"]
[PlyCount "98"]
[EventDate "1995.??.??"]
[Source "ChessBase"]
[SourceDate "1996.11.15"]

1. e4 c5 2. Nc3 Nc6 3. g3 g6 4. Bg2 Bg7 5. d3 d6 6. f4 e6 7. Nf3 Nge7 8. O-O
O-O 9. Be3 Nd4 10. Bf2 Qb6 11. Rb1 Bd7 12. Qd2 Bc6 13. Nxd4 cxd4 14. Ne2 e5 15.
c3 dxc3 16. Nxc3 Qc7 17. d4 Rad8 18. fxe5 dxe5 19. d5 b6 20. Rbc1 Qd6 21. Be3
Bd7 22. a3 Nc8 23. Qe2 Qe7 24. Nb5 Bxb5 25. Qxb5 Nd6 26. Qb4 f5 27. Rc6 fxe4
28. Rxf8+ Bxf8 29. Bh3 Qf6 30. Be6+ Kh8 31. Qd2 Be7 32. Rc7 Nf5 33. Bxf5 gxf5
34. Rxe7 Qxe7 35. Bg5 Qc5+ 36. Kg2 Rxd5 37. Bf6+ Kg8 38. Qg5+ Kf7 39. Qg7+ Ke6
40. Bg5 Rd7 41. Qf6+ Kd5 42. Qxf5 Kc6 43. Qe6+ Qd6 44. Qc4+ Kb7 45. Qxe4+ Qc6
46. Qxc6+ Kxc6 47. h4 Kd5 48. Kf3 Kd4 49. Ke2 Ke4 0-1

[Event "FRA-chT"]
[Site "?"]
[Date "1995.??.??"]
[Round "?"]
[White "Salus, Stephane"]
[Black "Roos, Daniel"]
[Result "0-1"]
[WhiteElo "2250"]
[BlackElo "2450"]
[PlyCount "82"]
[EventDate "1995.??.??"]
[Source "ChessBase"]
[SourceDate "1996.11.15"]

1. d4 Nf6 2. c4 g6 3. Nc3 d5 4. Nf3 Bg7 5. e3 O-O 6. Be2 c5 7. dxc5 Qa5 8. cxd5
Nxd5 9. Qxd5 Bxc3+ 10. Bd2 Rd8 11. Bxc3 Qxc3+ 12. Qd2 Rxd2 13. bxc3 Rd5 14. Rd1
Rxd1+ 15. Kxd1 Nd7 16. c6 bxc6 17. Nd4 Bb7 18. Nb3 c5 19. f3 Bc6 20. Ba6 Rb8
21. Kc2 Ba4 22. c4 Rb6 23. Bc8 Ne5 24. Kc3 Bxb3 25. axb3 Rd6 26. Ra1 Rd3+ 27.
Kc2 Rxe3 28. Rxa7 Nc6 29. Rc7 Nd4+ 30. Kd2 Re5 31. Kc3 Ne2+ 32. Kd2 e6 33. Bb7
Nd4 34. b4 cxb4 35. Be4 Ra5 36. Rb7 f5 37. Ke3 e5 38. Bd5+ Kf8 39. Rxh7 Ra3+
40. Kd2 Ra2+ 41. Kd3 Ne2 0-1

[Event "FRA-chT"]
[Site "?"]
[Date "1995.??.??"]
[Round "?"]
[White "Santo Roman, Marc"]
[Black "Adrian, Claude"]
[Result "1-0"]
[WhiteElo "2465"]
[BlackElo "2260"]
[PlyCount "137"]
[EventDate "1995.??.??"]
[Source "ChessBase"]
[SourceDate "1996.11.15"]

1. e4 c5 2. Nf3 Nc6 3. d4 cxd4 4. Nxd4 g6 5. c4 Nf6 6. Nc3 Nxd4 7. Qxd4 d6 8.
Bg5 Bg7 9. Qd2 O-O 10. Bd3 a6 11. O-O Be6 12. Rfe1 Rc8 13. Nd5 Re8 14. Rac1
Nxd5 15. exd5 Bd7 16. b4 b6 17. Re2 Bf6 18. Bxf6 exf6 19. Rxe8+ Bxe8 20. Bf1
Kg7 21. Qd4 a5 22. Rb1 Qc7 23. bxa5 bxa5 24. Rb6 Rb8 25. c5 dxc5 26. Qxf6+ Kg8
27. Rxb8 Qxb8 28. Qe7 Qc8 29. Bc4 Kg7 30. h3 h5 31. d6 Qd7 32. Qe5+ Kg8 33.
Qxc5 a4 34. Qe5 Qd8 35. Kh2 Kh7 36. f4 f5 37. Qe6 Bd7 38. Qf7+ Kh6 39. Qe7 Qxe7
40. dxe7 Kg7 41. Kg3 Kf6 42. Kh4 Be8 43. a3 Bd7 44. Kg3 Kxe7 45. h4 Be8 46. Kf2
Kd6 47. Ke3 Kc5 48. Ba2 Bc6 49. g3 Be8 50. Bg8 Bc6 51. Bf7 Bd5 52. Bxd5 Kxd5
53. Kd3 Kc5 54. Kc3 Kd5 55. Kb4 Ke4 56. Kxa4 Kf3 57. Kb4 Kxg3 58. a4 Kxf4 59.
a5 Kg3 60. a6 f4 61. a7 Kxh4 62. a8=Q g5 63. Qf3 g4 64. Qxf4 Kh3 65. Qf1+ Kh2
66. Qf2+ Kh3 67. Qf1+ Kg3 68. Qg1+ Kh3 69. Qh1+ 1-0

[Event "FRA-chT"]
[Site "?"]
[Date "1995.??.??"]
[Round "?"]
[White "Santo Roman, Marc"]
[Black "Heurtebize, Olivier"]
[Result "1-0"]
[WhiteElo "2465"]
[BlackElo "2205"]
[PlyCount "53"]
[EventDate "1995.??.??"]
[Source "ChessBase"]
[SourceDate "1996.11.15"]

1. e4 c5 2. Nf3 e6 3. d4 cxd4 4. Nxd4 a6 5. Bd3 Qc7 6. O-O Nf6 7. Qe2 d6 8. f4
Nbd7 9. c4 b6 10. Nc3 Be7 11. Kh1 O-O 12. Bd2 Re8 13. Nf3 Bb7 14. Rae1 g6 15.
e5 Nh5 16. Be4 Bxe4 17. Qxe4 dxe5 18. fxe5 Nc5 19. Qe2 Rad8 20. Ng5 Rf8 21. Rf3
Rd4 22. Ref1 Qd8 23. Nxf7 Rxf7 24. Rxf7 Rxd2 25. Qe3 Bg5 26. Qf3 Qd3 27. Rg7+
1-0

[Event "FRA-chT"]
[Site "?"]
[Date "1995.??.??"]
[Round "?"]
[White "Schmitt, Andre"]
[Black "Roos, Louis"]
[Result "0-1"]
[WhiteElo "2285"]
[BlackElo "2350"]
[PlyCount "98"]
[EventDate "1995.??.??"]
[Source "ChessBase"]
[SourceDate "1996.11.15"]

1. e4 e6 2. d4 d5 3. e5 c5 4. c3 Nc6 5. Nf3 Qb6 6. a3 c4 7. Nbd2 f6 8. Be2 fxe5
9. Nxe5 Nxe5 10. dxe5 Bc5 11. O-O Nh6 12. b4 cxb3 13. Nxb3 Nf5 14. a4 O-O 15.
c4 Rd8 16. Nxc5 Qxc5 17. Ba3 Qc7 18. cxd5 Rxd5 19. Qb1 Qxe5 20. Bc4 Rd8 21. Re1
Qf6 22. Bb2 Qg6 23. Qe4 Kh8 24. Bxe6 Bxe6 25. Qxe6 Qxe6 26. Rxe6 Rd2 27. Rae1
Kg8 28. Ba1 Ra2 29. R6e4 Rf8 30. f3 a6 31. Be5 Rc8 32. Rb1 Rcc2 33. Rg4 g6 34.
h4 Ne3 35. Rd4 Kf7 36. Rd6 b5 37. axb5 axb5 38. Re1 Rxg2+ 39. Kh1 Rge2 40. Rxe2
Rxe2 41. Bc3 Nf5 42. Rd7+ Re7 43. Rd5 Re3 44. Bb4 Rxf3 45. Rd7+ Kg8 46. Rd8+
Kf7 47. Rd7+ Ke6 48. Rxh7 Rf4 49. Be1 Rf1+ 0-1

[Event "FRA-chT"]
[Site "?"]
[Date "1995.??.??"]
[Round "?"]
[White "Sellos, Didier"]
[Black "Chabanon, Jean Luc"]
[Result "0-1"]
[WhiteElo "2410"]
[BlackElo "2445"]
[PlyCount "74"]
[EventDate "1995.??.??"]
[Source "ChessBase"]
[SourceDate "1996.11.15"]

1. d4 Nf6 2. Nf3 g6 3. Bf4 Bg7 4. e3 O-O 5. Bd3 d6 6. h3 Nbd7 7. Bh2 Re8 8. Bc4
e6 9. O-O a6 10. a4 b6 11. Nbd2 Bb7 12. Qe2 Qe7 13. e4 e5 14. dxe5 Nxe5 15.
Nxe5 dxe5 16. Rfd1 Red8 17. f3 Bh6 18. Nb3 a5 19. Qe1 Nh5 20. Bd5 c6 21. Bc4
Rxd1 22. Rxd1 b5 23. axb5 a4 24. Na5 cxb5 25. Nxb7 bxc4 26. Nd6 Rd8 27. Nxc4
Qc5+ 28. Kh1 Rxd1 29. Qxd1 Qxc4 30. Bxe5 Bf8 31. g4 Ng7 32. Kg2 Ne6 33. Qd2 g5
34. Bf6 h6 35. h4 Nf4+ 36. Kg3 Qf1 37. hxg5 Ne2+ 0-1

[Event "FRA-chT"]
[Site "?"]
[Date "1995.??.??"]
[Round "?"]
[White "Sellos, Didier"]
[Black "Roos, Jean Luc"]
[Result "1-0"]
[WhiteElo "2410"]
[BlackElo "2350"]
[PlyCount "85"]
[EventDate "1995.??.??"]
[Source "ChessBase"]
[SourceDate "1996.11.15"]

1. d4 e6 2. c4 Nf6 3. Nc3 Bb4 4. e3 O-O 5. Bd3 d5 6. a3 Bxc3+ 7. bxc3 dxc4 8.
Bxc4 c5 9. Ne2 e5 10. O-O Nbd7 11. Ba2 Qc7 12. Ng3 b6 13. e4 Ba6 14. Re1 Rad8
15. d5 c4 16. Nf5 Nc5 17. Bg5 Rd6 18. Nxd6 Qxd6 19. Bb1 Nfd7 20. Bc2 h6 21. Be3
Rc8 22. Qg4 Rc7 23. a4 Nf6 24. Qh4 Bc8 25. f3 Bd7 26. Red1 Rc8 27. h3 Be8 28.
Qf2 Nfd7 29. f4 f6 30. f5 Nb3 31. Bxb3 cxb3 32. a5 Nc5 33. axb6 Nxe4 34. Qb2
axb6 35. Qxb3 Nxc3 36. Rd2 Ne4 37. Rc2 Rd8 38. Qxb6 Qxd5 39. Rc7 Ng3 40. Qe6+
Qxe6 41. fxe6 Rd6 42. Raa7 Nf5 43. g4 1-0

[Event "FRA-chT"]
[Site "?"]
[Date "1995.??.??"]
[Round "?"]
[White "Sellos, Didier"]
[Black "Wauters, Alain"]
[Result "1-0"]
[WhiteElo "2410"]
[BlackElo "2205"]
[PlyCount "81"]
[EventDate "1995.??.??"]
[Source "ChessBase"]
[SourceDate "1996.11.15"]

1. d4 d5 2. c4 c6 3. Nc3 Nf6 4. e3 g6 5. Nf3 Bg7 6. Qb3 O-O 7. Bd2 b6 8. cxd5
cxd5 9. Bb5 Bb7 10. O-O Nc6 11. Rfc1 Qd6 12. Qd1 Rfc8 13. Bd3 e6 14. a3 a6 15.
Na4 Nd7 16. Be2 Qe7 17. Be1 Bf8 18. h3 Qd8 19. b4 Ne7 20. Nb2 Nf5 21. Nd3 Rxc1
22. Rxc1 Rc8 23. Nfe5 Nd6 24. a4 Nxe5 25. Nxe5 Nc4 26. Nxc4 dxc4 27. Bc3 Qd7
28. Qc2 b5 29. Ra1 Bd6 30. axb5 axb5 31. e4 Qe7 32. Rb1 Qh4 33. Bf3 Ra8 34. d5
exd5 35. exd5 Qf4 36. Kf1 Bc8 37. Re1 Bxh3 38. Qd1 Bf5 39. g3 Qh6 40. Qd4 Qf8
41. Qh8# 1-0

[Event "FRA-chT"]
[Site "?"]
[Date "1995.??.??"]
[Round "?"]
[White "Sermier, Alain"]
[Black "Roos, Daniel"]
[Result "0-1"]
[WhiteElo "2165"]
[BlackElo "2450"]
[PlyCount "78"]
[EventDate "1995.??.??"]
[Source "ChessBase"]
[SourceDate "1996.11.15"]

1. e4 c6 2. Nc3 d5 3. d4 dxe4 4. Nxe4 Nf6 5. Nxf6+ gxf6 6. Bc4 Bf5 7. Nf3 Nd7
8. Nh4 Bg6 9. Nxg6 hxg6 10. c3 e6 11. Bf4 Nb6 12. Qe2 Bd6 13. Bxd6 Qxd6 14. g3
O-O-O 15. O-O-O Nxc4 16. Qxc4 Rh3 17. Qa4 Kb8 18. c4 Qc7 19. f4 Rh5 20. Kb1 Qb6
21. Qa3 Rd7 22. Rd2 Qd8 23. Rhd1 Qh8 24. h4 b6 25. Qf3 Qc8 26. Rd3 Rd6 27. g4
Rxh4 28. f5 Qc7 29. fxg6 fxg6 30. c5 Rd5 31. Qxf6 Rxg4 32. cxb6 axb6 33. Rh1
Kb7 34. Qxe6 Qd7 35. Qg8 Qf5 36. Rh7+ Ka6 37. Qa8+ Kb5 38. Qa3 Rgxd4 39. Qb3+
Ka6 0-1

[Event "FRA-chT"]
[Site "?"]
[Date "1995.??.??"]
[Round "?"]
[White "Sharif, Mershad"]
[Black "Apicella, Manuel"]
[Result "0-1"]
[WhiteElo "2470"]
[BlackElo "2505"]
[PlyCount "92"]
[EventDate "1995.??.??"]
[Source "ChessBase"]
[SourceDate "1996.11.15"]

1. d4 Nf6 2. Nf3 g6 3. Bg5 Bg7 4. Nbd2 d6 5. e4 O-O 6. c3 c5 7. Bd3 h6 8. Bh4
cxd4 9. cxd4 Bg4 10. h3 Bxf3 11. Nxf3 Nc6 12. d5 Nb4 13. O-O Nxd3 14. Qxd3 Nh5
15. Nh2 Qd7 16. Qb3 Rfc8 17. Rac1 Kf8 18. Ng4 Rxc1 19. Rxc1 Rc8 20. Re1 Rc5 21.
Qe3 g5 22. Bg3 Nxg3 23. Qxg3 Qc7 24. e5 h5 25. exd6 Qxd6 26. Qxd6 exd6 27. Ne3
Bxb2 28. Rb1 Bd4 29. Rxb7 Bxe3 30. fxe3 Ra5 31. Rd7 Ra6 32. Kf2 Ke8 33. Rc7
Rxa2+ 34. Kf3 a5 35. Ra7 a4 36. g3 a3 37. Ke4 Rh2 38. Rxa3 Rxh3 39. Ra6 Ke7 40.
Ra7+ Kf6 41. Rd7 Rxg3 42. Rxd6+ Kg7 43. Ra6 h4 44. d6 h3 45. Ra1 Kf6 46. Rd1
Ke6 0-1